Riddles - Statistics

General Stats
  • This quiz has been taken 1,272 times
  • The average score is 12 of 17
Answer Stats
Riddle Answer % Correct
How many months of the year have 28 days? All
93%
There is only 1 word in the dictionary that is spelled wrong. What is it? Wrong
90%
What gets wet when you dry? Towel
88%
What has hands and a face but can't hold anything or smile? Clock
86%
Write a story. A Story
84%
Elena's mom has 3 kids. One is Cotton and the other one is Candy. What is the last sister's name? Elena
84%
A girl buys a dozen eggs. On the way home 12 fall and break. How many eggs does she have left? 0
81%
It belongs to you but other people use it more than you do. Name
78%
This 5 letter word becomes shorter when you add two letters to it? Short
78%
What are two things no one can eat at breakfast? Lunch and Dinner
75%
What occurs once in a minute, twice in a moment, but never in a thousand years? M
74%
What has a lot of keys but can't open any doors? Piano
70%
What is full of holes but still holds water? Sponge
66%
If you don't keep it, it will break. Promise
65%
What can you only use when you break it? Egg
61%
Why are teddy bears never hungry? They are always "stuffed".
52%
You go at red and stop at green. What am I? Watermelon
17%
No matching quizzes found
Score Distribution
Percent of People with Each Score
Percentile by Number Answered
Your Score History
You have not taken this quiz